إدماج المعبودين رع وأوزير حتي نهاية الدولة الحديثة : دارسة دينية حضارية /
محفوظ في:
المؤلف الرئيسي:
التنسيق: كتاب
اللغة: Undetermined
منشور في:
2020
الوسوم: إضافة وسم
لا توجد وسوم, كن أول من يضع وسما على هذه التسجيلة!
رقم الطلب: Diss.,161
| LEADER | 00568nam a2200121Ia 4500 | ||
|---|---|---|---|
| 008 | 231023s9999||||xx |||||||||||||| ||und|| | ||
| 050 | 4 | |a Diss.,161 | |
| 100 | 0 | |a ريهام عماد على عبد العال | |
| 245 | 1 | 0 | |a إدماج المعبودين رع وأوزير حتي نهاية الدولة الحديثة : دارسة دينية حضارية / |c ريهام عماد على عبد العال. |
| 264 | 1 | |c 2020 | |
| 942 | |2 lcc |c THESES | ||
| 952 | |0 0 |1 0 |2 lcc |4 0 |7 1 |9 51058 |a ARCE |b ARCE |d 2023-10-23 |l 0 |o Diss.,161 |p 1036431 |r 2023-10-23 00:00:00 |w 2023-10-23 |y THESES | ||
| 999 | |c 54836 |d 54836 | ||
